000 00464nam a2200205Ia 4500
005 20250425160827.0
008 250425s9999 xx 000 0 und d
020 _a8434537494
041 _aspa
043 _asp
082 _a709.86601
110 _aSALVAT EDITORES
245 0 _aARTE PRECOLOMBINO DE ECUADOR
250 _a1A ED.
260 _aEspaƱa
_bSALVAT EDITORES S.A.
_c1977
260 _aS.L.
300 _a258
942 _c01
010 _a6259
999 _c196971
_d196971